000
00316nam a22001337a 4500
008
180227b xxu||||| |||| 00| 0 eng d
020
_a
9780324007664
041
_a
eng
080
_2
3rd
_a
33
100
_a
58
101
_a
BIZ
245
_a
Business communication process and product
_c
Guffey,M.E
942
_2
udc
_c
BK
999
_c
43636
_d
43636